00214nam a2200085Ia 4500001000800000005001700008008004100025245004100066260002100107125057620251031150858.0251031s9999 xx 000 0 und d 0cFATİH YAMANaB-3 GÖÇ VE TOPLUM bKETEBE YAYINLARI